000 00389nam a22001577a 4500
999 _c15277
_d15277
020 _a0130189987
020 _a978-0130189981
082 _a658HOR
100 _aHorne, James C. Van
245 _aFundamentals of Financial Management
260 _aLondon:
_bPrentice-Hall,
_c2003.
300 _a743p. ;
650 _aFinancial Management
700 _aWachowicz, John M.
942 _cBK